00312nam a2200133Ia 45000030006000000080041000060400015000471000021000622450041000832500016001242600009001405460012001490050017001610STCL150530s9999 xx 000 0 und d aSTCLcSTCL aChesterton, G.K. aCatholic whos who and year book 1924 aSeventeenth c1924 aEnglish20220125165743.0